| 000 | 00774nam a22002177i 4500 | ||
|---|---|---|---|
| 999 |
_c22987 _d22987 |
||
| 003 | AR-CdUCM | ||
| 008 | 240814b20192019 pe||||| |||| 00| 0 spa d | ||
| 020 | _a978-612-00-4066-9 | ||
| 040 |
_aMUNICIPALIDAD PROVINCIAL DEL CUSCO _cBIBLIOTECA MUNICIPAL DEL CUSCO |
||
| 082 |
_aES / 376.35 / C34T _bC34T |
||
| 100 |
_aCastillo Espinoza, Ronald. _911451 |
||
| 245 | _aTayta Severiano y la cosmovisión andino amazónica / | ||
| 260 |
_aCusco : _c2019 |
||
| 300 |
_a26 páginas. : _bIlustraciones a color, _c21 cm. |
||
| 650 |
_aCuentos infantiles peruanos _93914 |
||
| 650 |
_aLibro de lectura. _927572 |
||
| 650 |
_aTexto en quechua, inglés y español. _950216 |
||
| 700 |
_aHuillca Tunque, Ángeles [Ilustrador] _911452 |
||
| 942 |
_2ddc _cLIBROS |
||
| 945 |
_apbj _d2024-08-14 |
||